Design Your Thinking (Record no. 355877)

MARC details
000 -LEADER
fixed length control field 00357 a2200157 4500
003 - CONTROL NUMBER IDENTIFIER
control field OSt
005 - DATE AND TIME OF LATEST TRANSACTION
control field 20240908112504.0
008 - FIXED-LENGTH DATA ELEMENTS--GENERAL INFORMATION
fixed length control field 230908b |||||||| |||| 00| 0 eng d
020 ## - INTERNATIONAL STANDARD BOOK NUMBER
International Standard Book Number 9780670094097
041 ## - LANGUAGE CODE
Language code of text/sound track or separate title English
100 ## - MAIN ENTRY--PERSONAL NAME
Author Soni P.
245 ## - TITLE STATEMENT
Title Design Your Thinking
260 ## - PUBLICATION, DISTRIBUTION, ETC.
Name of publisher, distributor, etc. Portfolio Penguin
Date of publication, distribution, etc. 2020
300 ## - PHYSICAL DESCRIPTION
Extent 363
942 ## - ADDED ENTRY ELEMENTS (KOHA)
Koha item type Books
Holdings
Withdrawn status Lost status Source of classification or shelving scheme Damaged status Not for loan Home library Current library Date acquired Vendor Net Price Total Checkouts Full call number Barcode Date last seen Date last checked out Actual Price Bill Date Koha item type
    Dewey Decimal Classification     Cummins College of Engineering for Women Pune Cummins College of Engineering for Women Pune 25/08/2023 115 449.25 5 153.2 SON CCEP-BK-65161 30/12/2024 09/12/2024 599.00 25/08/2023 Books
    Dewey Decimal Classification     Cummins College of Engineering for Women Pune Cummins College of Engineering for Women Pune 09/02/2024 149 449.25 7 820.1 SON CCEP-BK-66167 11/03/2026 02/03/2026 599.00 09/02/2024 Books